Environment program : Progress and prospects
Contents: Drivers of environmental change; ADB' response; Environmental assistance; Environmental assistance; Initiatives and partnerships; Thematic initiatives; Subregional initiatives...
Αποθηκεύτηκε σε:
| Μορφή: | Βιβλίο |
|---|---|
| Γλώσσα: | Undetermined |
| Έκδοση: |
Mandaluyong City, Philippines
Asian Development Bank
2009
|
| Θέματα: | |
| Ετικέτες: |
Προσθήκη ετικέτας
Δεν υπάρχουν, Καταχωρήστε ετικέτα πρώτοι!
|
| Thư viện lưu trữ: | Trung tâm Học liệu Trường Đại học Cần Thơ |
|---|
| LEADER | 00785nam a2200205Ia 4500 | ||
|---|---|---|---|
| 001 | CTU_187294 | ||
| 008 | 210402s9999 xx 000 0 und d | ||
| 082 | |a 363.7 | ||
| 082 | |b E61 | ||
| 245 | 0 | |a Environment program : | |
| 245 | 0 | |b Progress and prospects | |
| 245 | 0 | |c Asian Development Bank | |
| 260 | |a Mandaluyong City, Philippines | ||
| 260 | |b Asian Development Bank | ||
| 260 | |c 2009 | ||
| 520 | |a Contents: Drivers of environmental change; ADB' response; Environmental assistance; Environmental assistance; Initiatives and partnerships; Thematic initiatives; Subregional initiatives... | ||
| 650 | |a Environment,Môi trường | ||
| 650 | |z Mekong sub-region,Tiểu vùng Mê Kông | ||
| 904 | |i Giang | ||
| 980 | |a Trung tâm Học liệu Trường Đại học Cần Thơ | ||